[Event "SLO-chT (Women)"]
[Site "Bled"]
[Date "1997.??.??"]
[Round "5"]
[White "Orel, Simona"]
[Black "Ipavec, Petra"]
[Result "0-1"]
[WhiteElo "2040"]
[BlackElo "2065"]

1.d4 Nf6 2.c4 g6 3.Nc3 Bg7 4.e4 d6 5.Nf3 O-O 6.Be2 e5 7.d5 a5 8.Be3 Na6 9.Nd2 Nc5
10.O-O Nfd7 11.b3 f5 12.f3 f4 13.Bf2 g5 14.a3 Nf6 15.Qc2 g4 16.b4 axb4 17.axb4 Rxa1
18.Rxa1 Na6 19.Qb3 g3 20.hxg3 Nh5 21.Nf1 fxg3 22.Nxg3 Nf4 23.Bf1 Qg5 24.Be1 h5
25.Ra2 h4 26.Nf5 Bxf5 27.exf5 Nh3+ 28.Kh1 Qe3 29.gxh3 Qxe1 30.Kg1 Qe3+ 31.Kh1 Rxf5
32.Qb1 Rg5 33.Rg2 Rxg2 34.Bxg2 Qxc3 35.Qf5 Qc1+ 36.Kh2 Qf4+ 37.Qxf4 exf4
38.b5 Nc5 39.Bf1 Kf7 40.Be2 Kf6  0-1

[Event "Bled op18th"]
[Site "Bled"]
[Date "1997.??.??"]
[Round "8"]
[White "Podkriznik, Gregor"]
[Black "Bokan, Danko"]
[Result "0-1"]
[WhiteElo "2240"]
[BlackElo "2390"]

1.Nf3 Nf6 2.c4 g6 3.Nc3 Bg7 4.e4 d6 5.d4 O-O 6.Be2 Nbd7 7.O-O e5 8.Re1 c6
9.Bf1 exd4 10.Nxd4 Re8 11.Rb1 Nc5 12.f3 a5 13.Be3 Qc7 14.Qd2 b6 15.b3 Bb7
16.a3 Nfd7 17.Bf2 Ne6 18.Nxe6 Rxe6 19.Bd4 Ne5 20.Rec1 Qd8 21.Rd1 Nd7 22.Bxg7 Kxg7
23.Qd4+ Qf6 24.Qxf6+ Rxf6 25.Na4 g5 26.Rb2 Kf8 27.Rbd2 Ke7 28.e5 Nxe5 29.Nxb6 Rb8
30.c5 d5 31.b4 axb4 32.axb4 Nd7 33.Nxd7 Kxd7 34.b5 cxb5 35.Bxb5+ Kc7 36.Re1 Re6
37.Rde2 Bc8 38.Bd3 h6 39.Kf2 Rb3 40.Rd1 Rxd3 41.Rxd3 Rxe2+ 42.Kxe2 Ba6 43.Ke3 Bxd3
44.Kxd3 Kc6 45.Kd4 h5 46.g3 g4 47.f4 f5  0-1

[Event "Bled op18th"]
[Site "Bled"]
[Date "1997.??.??"]
[Round "9"]
[White "Tratar, Marko"]
[Black "Bukic, Enver"]
[Result "1-0"]
[WhiteElo "2420"]
[BlackElo "2435"]

1.d4 Nf6 2.c4 g6 3.Nc3 Bg7 4.e4 d6 5.Nf3 O-O 6.Be2 e5 7.O-O exd4 8.Nxd4 Re8
9.f3 Nc6 10.Be3 Nh5 11.Qd2 Nf4 12.Rad1 Nxd4 13.Bxd4 Qg5 14.g3 Bxd4+ 15.Qxd4 Be6
16.Rfe1 Nxe2+ 17.Rxe2 Qe5 18.Qxe5 dxe5 19.Nd5 Rad8 20.Rc1 Bxd5 21.cxd5 Re7
22.Rec2 Rdd7 23.Kf2 Kf8 24.Rc3 Ke8 25.Ra3 a6 26.Rb3 b6 27.Rc6 a5 28.Rf6 Kd8
29.g4 Kc8 30.Rc3 Kb7 31.Ke3 h6 32.h4 Rd6 33.Rc6 Rxc6 34.Rxc6 Rd7 35.Rf6 h5
36.gxh5 gxh5 37.Rf5 Re7 38.Rxh5 f6 39.Rh6 Rf7 40.h5 c6  1-0

[Event "Slovan op"]
[Site "Bratislava"]
[Date "1997.??.??"]
[Round "5"]
[White "Ac, Michal"]
[Black "Manik, Mikulas"]
[Result "0-1"]
[WhiteElo "2275"]
[BlackElo "2455"]

1.d4 Nf6 2.c4 g6 3.Nc3 Bg7 4.e4 d6 5.Nf3 O-O 6.Be2 e5 7.Be3 Ng4 8.Bg5 f6
9.Bd2 Nc6 10.d5 Ne7 11.h3 Nh6 12.O-O Nf7 13.b4 f5 14.Ne1 fxe4 15.Nxe4 c6
16.Bc3 b5 17.Nc2 bxc4 18.Bxc4 Bf5 19.f3 cxd5  0-1

[Event "Slovan op"]
[Site "Bratislava"]
[Date "1997.??.??"]
[Round "6"]
[White "Kebis, Milos"]
[Black "Prochazka, Jiri"]
[Result "0-1"]
[WhiteElo "2205"]
[BlackElo "2460"]

1.d4 Nf6 2.c4 g6 3.Nc3 Bg7 4.Nf3 O-O 5.e4 d6 6.Be2 e5 7.Be3 Ng4 8.Bg5 Qd7
9.h3 Nf6 10.dxe5 dxe5 11.Qc2 Nc6 12.Rd1 Nd4 13.Qd3 Ne8 14.Nxd4 exd4 15.Nd5 f6
16.Bg4 Qf7 17.Bxc8 fxg5 18.O-O Rxc8 19.Qa3 Nd6 20.b3 Be5 21.Rd3 c6 22.Rf3 Qe6
23.Rxf8+ Rxf8 24.Nb4 Nxe4 25.Qxa7 Qf5 26.Nd3 Nd2 27.Nxe5 Qxe5 28.Rc1 Qf4
29.Kh1 Nf3  0-1

[Event "Slovan op"]
[Site "Bratislava"]
[Date "1997.??.??"]
[Round "6"]
[White "Majzlan, Igor"]
[Black "Safyanovsky, Mark"]
[Result "0-1"]
[WhiteElo "2190"]
[BlackElo "2390"]

1.d4 d6 2.Nf3 g6 3.c4 Bg7 4.Nc3 Nf6 5.e4 O-O 6.Be2 Nbd7 7.O-O e5 8.Re1 h6
9.Bf1 Nh7 10.Be3 Ng5 11.Nxg5 hxg5 12.Qd2 exd4 13.Bxd4 Ne5 14.Be3 g4 15.Rad1 Be6
16.b3 a6 17.Nd5 a5 18.Bg5 f6 19.Be3 b6 20.a4 Kh7 21.Bd4 Bh6 22.Be3 Bg7 23.Nf4 Bf7
24.Nd3 Rh8 25.Be2 Be6 26.Nf4 Bd7 27.Nd5 Rc8 28.Bf4 Qf8 29.Ne3 Bh6 30.Bxh6 Qxh6
31.Nd5 Kg7 32.Qxh6+ Rxh6 33.f4 gxf3 34.Bxf3 g5 35.Rd2 Be6 36.Bd1 Nd7 37.Rf2 Rhh8
38.Ref1 Rhf8 39.h3 Bxd5 40.exd5 Rce8 41.Re2 Rxe2 42.Bxe2 Re8 43.Bd1 Nc5 44.Bc2 Re5
45.Kf2 f5 46.h4 gxh4 47.Rh1 Ne4+ 48.Bxe4 Rxe4 49.Kf3 Kg6 50.g3 hxg3 51.Rg1 Rg4
52.Kg2 Kf6 53.Re1 Re4 54.Rh1 Re3 55.Rh7 Rxb3 56.Rxc7 f4 57.Re7 Rb2+ 58.Kg1 f3
59.Re6+ Kf5 60.Re8 Rb1+  0-1

[Event "Slovan op"]
[Site "Bratislava"]
[Date "1997.??.??"]
[Round "9"]
[White "Hacik, Radomir"]
[Black "Heinrich, Jan"]
[Result "1-0"]
[WhiteElo "2230"]
[BlackElo "2050"]

1.c4 Nf6 2.Nc3 g6 3.d4 Bg7 4.e4 d6 5.Nf3 O-O 6.Be2 Nbd7 7.O-O e5 8.Re1 Re8
9.Bf1 exd4 10.Nxd4 Nc5 11.f3 Ne6 12.Nce2 Nh5 13.g4 Nf6 14.Be3 Nxd4 15.Nxd4 Nxg4
16.fxg4 Rxe4 17.h3 Bxg4 18.hxg4 Qh4 19.Bg2 Rxg4 20.Nf3 Qh3 21.Qe2 Re8 22.Kf1 Qh5
23.Qf2 Rxc4 24.Bd4 Rxe1+ 25.Rxe1 Bxd4 26.Nxd4 Qg5 27.Re8+ Kg7 28.Ne6+  1-0

[Event "Bratto op"]
[Site "Bratto"]
[Date "1997.??.??"]
[Round "3"]
[White "Mancini, Giustino"]
[Black "Barbieri, Giovanni"]
[Result "1-0"]
[WhiteElo "2060"]
[BlackElo "2150"]

1.d4 Nf6 2.Nf3 g6 3.c4 Bg7 4.Nc3 d6 5.e4 O-O 6.Be2 e5 7.dxe5 dxe5 8.Qxd8 Rxd8
9.Bg5 Nbd7 10.O-O-O Rf8 11.Nd2 Nc5 12.Be3 Nfd7 13.b4 Ne6 14.Nb3 c6 15.c5 a5
16.bxa5 Nd4 17.Bxd4 exd4 18.Na4 Re8 19.Bd3 Rb8 20.Rhe1 Ne5 21.Be2 Be6 22.f4 Bh6
23.g3 Rbd8 24.Nxd4 Bc4 25.Nb6 Bd3 26.Bxd3 Rxd4 27.Kc2 Nf3 28.Re2 Rdd8 29.Re3 Nd4+
30.Kb1 Bf8 31.Na4 Ne6 32.Rc1 Ra8 33.Bc4 Rxa5 34.Bxe6 Rxe6 35.Rc4 Rb5+ 36.Kc2 Re8
37.Rb3 Ra8 38.Nc3 Rxc5 39.Rxc5 Bxc5 40.Rxb7 Bg1 41.Kb3 Bxh2 42.Ne2 Re8 43.Rb4 h5
44.a4 f5 45.e5 g5 46.a5 h4 47.a6 Ra8 48.gxh4 g4 49.Rb6 g3 50.Rxc6 Kh7 51.h5 g2
52.Rg6 g1=Q 53.Nxg1 Bxf4 54.Nf3 Be3 55.Kc4 Rc8+ 56.Kd5 Ra8 57.Nd4 Rd8+ 58.Rd6 Rf8
59.Rf6 Rd8+ 60.Rd6 Rf8 61.Nf3 Kg7 62.Rf6 Kh7 63.e6 Bc1 64.e7 Ra8 65.Ke6 Rxa6+
66.Kf7 Ra7 67.Ng5+  1-0

[Event "Bratto op"]
[Site "Bratto"]
[Date "1997.??.??"]
[Round "7"]
[White "Efimov, Igor"]
[Black "Belotti, Bruno"]
[Result "1-0"]
[WhiteElo "2530"]
[BlackElo "2405"]

1.Nf3 Nf6 2.d4 g6 3.c4 Bg7 4.Nc3 O-O 5.e4 d6 6.Be2 e5 7.Be3 c6 8.d5 cxd5
9.cxd5 Ng4 10.Bg5 f6 11.Bd2 Na6 12.h3 Nh6 13.g4 Nf7 14.Rg1 Bh6 15.Bxh6 Nxh6
16.Qd2 Kg7 17.Qe3 Bd7 18.Nd2 Qa5 19.a3 Qc5 20.Qxc5 Nxc5 21.b4 Na4 22.Nxa4 Bxa4
23.b5 Nf7 24.Rb1 Rfc8 25.h4 Rc5 26.f3 a6 27.b6 Rac8 28.Rb4 Bd7 29.Nb3 Rc3
30.Kf2 Kf8 31.Ra1 Ke7 32.Na5 Nd8 33.Ra2 R3c5 34.Nb3 Rc3 35.Ke1 f5 36.exf5 gxf5
37.Kd2 fxg4 38.fxg4 Rh3 39.g5 Rh2 40.a4 Rh3 41.Rc2 Rxc2+ 42.Kxc2 Bf5+ 43.Kd2 Bg6
44.Na5 e4 45.Rb3 Rxh4 46.Rc3 e3+ 47.Kxe3 Rh3+ 48.Kd2 Rxc3 49.Kxc3 Bf5 50.Bd3 Bxd3
51.Kxd3 Kf7 52.Ke4 Kg6 53.Kf4 Kg7 54.Nc4 Nf7 55.Kf5 Kf8 56.Na5 Nd8 57.Kf6 Ke8
58.Kg7 Nf7 59.Nxb7 Nxg5 60.Nc5  1-0

[Event "NLD-chT sf (Panfox-SMB)"]
[Site "Breda"]
[Date "1997.??.??"]
[Round "1"]
[White "Bosboom, Manuel"]
[Black "Hendriks, Willy"]
[Result "1-0"]
[WhiteElo "2410"]
[BlackElo "2400"]

1.d4 Nf6 2.c4 g6 3.Nc3 Bg7 4.e4 d6 5.Nf3 O-O 6.Be2 Nbd7 7.O-O e5 8.Qc2 c6
9.d5 Qe7 10.Rb1 cxd5 11.cxd5 Ne8 12.Nb5 Ndf6 13.Nd2 Bd7 14.a4 Kh8 15.Qb3 Bh6
16.Nc3 Rb8 17.Nc4 Bxc1 18.Rbxc1 Ng8 19.f4 f5 20.fxe5 dxe5 21.d6 Nxd6 22.Nd5 Qe6
23.Nc7 Qf7 24.exf5 Bxf5 25.Qe3 Nxc4 26.Rxc4 Qe7 27.Qxa7 Nf6 28.Qe3 Rbd8 29.Rfc1 Rd7
30.a5 Rfd8 31.h3 Rd2 32.b4 R2d4 33.b5 Rxc4 34.Rxc4 Nd5 35.Nxd5 Rxd5 36.a6 bxa6
37.bxa6 Ra5 38.Qb6 Ra1+ 39.Kh2 e4 40.Qb2+ Qg7 41.Qb8+ Qg8 42.a7  1-0

[Event "NLD-chT sf (Panfox-SMB)"]
[Site "Breda"]
[Date "1997.??.??"]
[Round "1"]
[White "Sokolov, Ivan"]
[Black "Van de Mortel, Jan"]
[Result "1-0"]
[WhiteElo "2615"]
[BlackElo "2295"]

1.d4 Nf6 2.c4 g6 3.Nc3 Bg7 4.e4 d6 5.Nf3 O-O 6.Be2 e5 7.d5 a5 8.Nd2 Na6 9.h4 Nc5
10.h5 Bd7 11.g4 a4 12.g5 Ne8 13.Nf1 f5 14.gxf6 Nxf6 15.Ng3 c6 16.hxg6 hxg6
17.Be3 Qa5 18.Qd2 cxd5 19.exd5 a3 20.b4 Qxb4 21.Rb1 Qa5 22.Bxc5 Qxc5 23.Rxb7 Qc8
24.Rb3 Bf5 25.Nb5 Ra6 26.Qb4 Ne4 27.Nxe4 Bxe4 28.f3 Bc2 29.Rc3 e4 30.Rxc2 exf3
31.Bd3 Qg4 32.Kf1 f2 33.Re2 Rb6 34.Be4 Rf4 35.Qb1 Bd4 36.Bg2 Qg3 37.Rh3 Qg5
38.Qc1  1-0

[Event "Ciocaltea mem"]
[Site "Bucharest"]
[Date "1997.??.??"]
[Round "3"]
[White "Kiselev, Sergey"]
[Black "Vajda, Levente"]
[Result "1/2-1/2"]
[WhiteElo "2485"]
[BlackElo "2435"]

1.d4 Nf6 2.Nf3 g6 3.c4 Bg7 4.Nc3 O-O 5.e4 d6 6.Be2 e5 7.Be3 Ng4 8.Bg5 f6
9.Bh4 c6 10.d5 c5 11.O-O Nh6 12.a3 Nf7 13.Ne1 h5 14.f3 Bh6 15.Kh1 Nd7 16.b4 Be3
17.Nc2 Bd4 18.Qd2 b6 19.Nxd4 exd4 20.Na4 Re8 21.f4 Qe7 22.Rae1 Qf8 23.Bd1 Qg7
24.Bg3 Nf8 25.Nb2 Bd7 26.bxc5 bxc5 27.Nd3 Qh6 28.Qf2 Re7 29.e5 Bf5 30.Bc2 Bxd3
31.Bxd3 fxe5 32.fxe5 dxe5 33.d6 Nxd6 34.Bxe5 Rf7 35.Qg3 Rxf1+ 36.Rxf1 Nf7
37.Be4 Re8 38.Bd5 Ne6 39.Bf6 g5 40.h4 Qg6 41.hxg5 Kh7 42.Re1 Ng7 43.Rf1 Ne6
44.Qh4 Nexg5 45.g4 Ne4 46.Bxd4 Nfd6 47.Bg1 Qxg4 48.Qxg4 hxg4 49.Kg2 Kg6 50.Rf4 Nf6
51.Bxc5 Nf5 52.Bxa7 Re2+ 53.Rf2 Ne3+ 54.Bxe3 Rxe3  1/2-1/2

[Event "Ciocaltea mem"]
[Site "Bucharest"]
[Date "1997.??.??"]
[Round "5"]
[White "Kiselev, Sergey"]
[Black "Iordachescu, Viorel"]
[Result "1-0"]
[WhiteElo "2485"]
[BlackElo "2485"]

1.d4 Nf6 2.Nf3 g6 3.c4 Bg7 4.Nc3 O-O 5.e4 d6 6.Be2 e5 7.O-O Nbd7 8.Re1 Re8
9.Bf1 a6 10.dxe5 dxe5 11.Be3 c6 12.h3 Qe7 13.a3 a5 14.Qc2 Nh5 15.Na4 Nf4
16.c5 Ne6 17.Rad1 Bf8 18.Rc1 Bg7 19.Nd2 Nd4 20.Qc3 Rd8 21.Red1 Nb5 22.Qc4 Nd4
23.Nb3 Nf6 24.Nxd4 exd4 25.Bxd4 Be6 26.Qc2 Bh6 27.Ra1 Nh5 28.Nb6 Rab8 29.Qc3 Qh4
30.g3 Qxe4 31.Bg2 Qe2 32.Bf3 Qb5 33.Be5 Rxd1+ 34.Rxd1 Re8 35.Bxh5 gxh5 36.Qf3 Bg7
37.Bxg7 Kxg7 38.Qc3+ Kg8 39.Re1 Rd8 40.Qf6 Qd3 41.Qg5+ Kh8 42.Qe5+ Kg8 43.Qxh5 Qg6
44.Qh4 Rd2 45.Nc4 Bxc4 46.Qxc4 Qf6 47.Re8+ Kg7 48.Qg4+ Kh6 49.Re2 Rxb2 50.Rxb2 Qxb2
51.Qf4+ Kg6 52.Qe3 Qc2 53.g4 a4 54.Kg2 h6 55.h4 Qc4 56.Kg3 Kg7 57.h5 Qb3
58.Kf4 Qc4+ 59.Kf5 Qc2+ 60.Ke5 Qd1 61.Kf4 Qb3 62.Qe5+ Kg8 63.g5 Qc4+ 64.Kg3 Qd3+
65.f3 hxg5 66.Qxg5+ Kh7 67.Qf6 Qe3 68.Qxf7+ Kh8 69.Qf6+ Kh7 70.Qf5+ Kg7 71.Qg4+ Kh8
72.Qc8+ Kg7 73.Qxb7+ Kh8 74.Qc8+ Kg7 75.Qg4+ Kh8 76.Qc8+ Kg7 77.Qg4+ Kh8
78.Qf5 Qg1+ 79.Kh4 Qe1+ 80.Kg5 Qe3+ 81.Kf6 Qh6+ 82.Ke7 Qe3+ 83.Kf7 Qb3+ 84.Kf6 Qf7+
85.Ke5 Qd5+ 86.Kf4 Qd2+ 87.Kg4 Qg2+ 88.Kh4 Qf2+ 89.Kg5 Qe3+ 90.f4 Qg3+ 91.Kf6 Qg7+
92.Ke6 Qf7+ 93.Ke5 Qd5+ 94.Kf6 Qf7+ 95.Kg5 Qg7+ 96.Kh4 Qe7+ 97.Kg4 Qg7+ 98.Qg5 Qd7+
99.Kh4 Qd3 100.Qe5+ Kh7 101.Qe7+ Kg8 102.Qe8+  1-0

[Event "Ciocaltea mem"]
[Site "Bucharest"]
[Date "1997.??.??"]
[Round "6"]
[White "Nevednichy, Vladislav"]
[Black "Vajda, Levente"]
[Result "1-0"]
[WhiteElo "2535"]
[BlackElo "2435"]

1.d4 Nf6 2.Nf3 g6 3.c4 Bg7 4.Nc3 O-O 5.e4 d6 6.Be2 e5 7.d5 a5 8.h3 Na6 9.Bg5 Qe8
10.g4 Nd7 11.Rg1 Kh8 12.Qd2 Ndc5 13.O-O-O Nb4 14.Kb1 Rg8 15.Be3 f5 16.Bxc5 dxc5
17.a3 Na6 18.gxf5 gxf5 19.Nh4 Qe7 20.Nxf5 Bxf5 21.exf5 e4 22.Rg4 Bd4 23.Rxe4 Qf6
24.Bg4 c6 25.Re6 Qf7 26.d6 Rab8 27.Qf4 b5 28.Rxd4 cxd4 29.Qxd4+ Qg7 30.f6 Qg6+
31.Ne4 Rgf8 32.Bf5 Qg1+ 33.Kc2 bxc4 34.Re7  1-0

[Event "Budapest FS06 GM"]
[Site "Budapest"]
[Date "1997.??.??"]
[Round "1"]
[White "Kolbus, Dietmar"]
[Black "Videki, Sandor"]
[Result "1/2-1/2"]
[WhiteElo "2330"]
[BlackElo "2375"]

1.Nf3 g6 2.d4 Nf6 3.c4 Bg7 4.Nc3 O-O 5.e4 d6 6.Be2 e5 7.O-O exd4 8.Nxd4 Re8
9.f3 Nc6 10.Nc2 Nh5 11.Nd5 Be6 12.f4 Nf6 13.Bf3 Na5 14.Na3 c6 15.Ne3 Qb6
16.Kh1 c5 17.Qd3 Nc6 18.Nac2 Rad8 19.Rd1 Bc8 20.Bd2 Qc7 21.Bc3 Qe7 22.Kg1 Qf8
23.g4 h6 24.h3 g5 25.Nd5 Nxd5 26.exd5 Nb8 27.f5 Nd7 28.Rab1 Bxc3 29.Qxc3 Qg7
30.Qxg7+ Kxg7 31.Kf2 Re7 32.b3 Rde8 33.Re1 Ne5 34.Be2 h5 35.Rbd1 Rh8 36.Rh1 h4
37.Rhe1 Rhe8 38.Bf1 a6 39.Rb1 Nd7 40.Rxe7 Rxe7 41.Bd3 Nf6 42.b4 cxb4 43.Rxb4 Nd7
44.Nd4 Kf6 45.Nf3 Ne5 46.Nxe5 Kxe5 47.Ke3 Rc7 48.a3 Bd7 49.Rb6 Ba4 50.Ke2 Kd4
51.Kd2 Ke5 52.Ke3 Bd7 53.Be2 Bc8 54.Bd3 Rc5 55.Be2 Ra5 56.Rb3 b5 57.cxb5 axb5
58.Bxb5 Kxd5 59.a4 Ke5 60.Rc3 Ba6 61.Bxa6 Rxa6 62.Ra3 Ra5 63.Ra1 Kd5 64.Rd1+ Kc5
65.Rc1+ Kd5 66.Rd1+ Ke5 67.Ra1 d5 68.Ra3 d4+ 69.Kd3 Kd5 70.Kd2 Ke4 71.Ke2 Ke5
72.Kd2 Kd6 73.Kd3 Kd5 74.Kd2 Kc4 75.Ra1 Kb3 76.Rb1+ Kc4 77.Rc1+ Kd5 78.Ra1  1/2-1/2

[Event "Budapest"]
[Site "Budapest"]
[Date "1997.??.??"]
[Round "1"]
[White "Kahn, Evarth"]
[Black "Eperjesi, Laszlo"]
[Result "1/2-1/2"]
[WhiteElo "2370"]
[BlackElo "2340"]

1.d4 Nf6 2.c4 g6 3.Nc3 Bg7 4.e4 d6 5.Nf3 O-O 6.Be2 e5 7.dxe5 dxe5 8.Qxd8 Rxd8
9.Bg5 Re8 10.Nd5 Nxd5 11.cxd5 c6 12.Bc4 cxd5 13.Bxd5 Nc6 14.Nd2 Bd7  1/2-1/2

[Event "Budapest FS02 IM-B"]
[Site "Budapest"]
[Date "1997.??.??"]
[Round "3"]
[White "Kerek, Csaba"]
[Black "Kiss, Gergely"]
[Result "1/2-1/2"]
[WhiteElo "2200"]
[BlackElo "2205"]

1.d4 Nf6 2.c4 g6 3.Nc3 Bg7 4.e4 d6 5.Nf3 O-O 6.Be2 e5 7.dxe5 dxe5 8.Qxd8 Rxd8
9.Bg5 c6 10.Nxe5 Re8 11.Rd1 Na6 12.Nf3 Bg4 13.h3 Bxf3 14.gxf3 Nc5 15.Be3 Nfd7
16.O-O a5 17.Rd2  1/2-1/2

[Event "Budapest FS12 IM-A"]
[Site "Budapest"]
[Date "1997.??.??"]
[Round "3"]
[White "Dudas, Janos"]
[Black "Zalkind, Karmi"]
[Result "1-0"]
[WhiteElo "2400"]
[BlackElo "2315"]

1.d4 Nf6 2.Nf3 g6 3.c4 Bg7 4.Nc3 O-O 5.e4 d6 6.Be2 Nbd7 7.O-O e5 8.Re1 Re8
9.Bf1 a6 10.Rb1 c6 11.b4 exd4 12.Nxd4 c5 13.bxc5 Nxc5 14.f3 Nh5 15.Be3 f5
16.exf5 gxf5 17.Nd5 f4 18.Bf2 Be5 19.Qd2 Kh8 20.Rbc1 Bd7 21.Nb3 Ne6 22.Nb6 Bc6
23.Nxa8 Qxa8 24.c5 Qd8 25.cxd6 Qxd6 26.Qa5 Ng5 27.Rxe5  1-0

[Event "Budapest FS06 IM"]
[Site "Budapest"]
[Date "1997.??.??"]
[Round "3"]
[White "Salinnikov, DY."]
[Black "Szuk, Balazs"]
[Result "0-1"]
[WhiteElo "2260"]
[BlackElo "2340"]

1.d4 Nf6 2.c4 g6 3.Nc3 Bg7 4.e4 d6 5.Be2 O-O 6.Nf3 e5 7.O-O exd4 8.Nxd4 Re8
9.f3 Nh5 10.g4 Nf6 11.Bg5 h6 12.Bh4 Nc6 13.Nxc6 bxc6 14.Qc2 Qe7 15.Rad1 g5
16.Bg3 h5 17.h3 Nd7 18.Kg2 Nf8 19.Bd3 Qf6 20.f4 hxg4 21.e5 gxh3+ 22.Kh1 Qe6
23.f5 Qh6 24.f6 Bh8 25.Be4 Bg4 26.Bxc6 Bxd1 27.Qxd1 dxe5 28.Nd5 Ng6 29.Nxc7 Red8
30.Nd5 Rac8 31.Bb7 Rb8 32.c5 Rxb7 33.Ne7+ Nxe7 34.Qxd8+ Kh7 35.Bxe5 Nc6 36.Qd5 Nxe5
37.Qxb7 Qg6 38.Qd5 Qc2 39.Rg1 Bxf6 40.b4 Kg6 41.b5 Nd3  0-1

[Event "Budapest FS12 IM-B"]
[Site "Budapest"]
[Date "1997.??.??"]
[Round "4"]
[White "Szeberenyi, Adam"]
[Black "Paschall, William M"]
[Result "0-1"]
[WhiteElo "2215"]
[BlackElo "2280"]

1.d4 g6 2.c4 Bg7 3.Nf3 d6 4.Nc3 Nf6 5.e4 O-O 6.Be2 Na6 7.O-O e5 8.Be3 Ng4
9.Bg5 Qe8 10.dxe5 dxe5 11.h3 h6 12.Bc1 Nf6 13.Be3 Nh5 14.c5 Nf4 15.Bc4 Be6
16.Nd5 Rd8 17.Qb3 c6 18.Nxf4 exf4 19.Bxf4 Nxc5 20.Qc2 Bxc4 21.Qxc4 Qxe4 22.Qxc5 Qxf4
23.Qxa7 Qb4 24.a3 Qb3 25.Rab1 Rfe8 26.Rfe1 Rxe1+ 27.Rxe1 Qxb2 28.Re7 Qc1+
29.Re1 Rd1 30.Qb8+ Bf8 31.Rxd1 Qxd1+ 32.Kh2 Qd6+ 33.Qxd6 Bxd6+ 34.Kg1 Bxa3  0-1

[Event "Budapest FS02 GM"]
[Site "Budapest"]
[Date "1997.??.??"]
[Round "5"]
[White "Nor, Igal"]
[Black "Peter, Ambrus"]
[Result "0-1"]
[WhiteElo "2365"]
[BlackElo "2455"]

1.d4 Nf6 2.c4 g6 3.Nc3 Bg7 4.e4 d6 5.Nf3 O-O 6.Be2 Nbd7 7.O-O e5 8.d5 Nc5
9.Qc2 a5 10.Be3 Ng4 11.Bg5 f6 12.Bh4 g5 13.Bg3 f5 14.Nd2 f4 15.Bxg4 Bxg4
16.f3 Bd7 17.Bf2 h5 18.a3 g4 19.b4 Na6 20.Rfb1 g3 21.Be1 h4 22.h3 axb4 23.axb4 Nxb4
24.Qd1 Rxa1 25.Rxa1 c5 26.Nb3 Bf6 27.Qe2 Qb8 28.Nb5 Na6 29.Na5 Bd8 30.Qa2 Bb6
31.Kf1 Nb4 32.Qb3 Bxb5 33.cxb5 Qa7 34.Bxb4 cxb4 35.Ra4 Bxa5 36.Qa2 Qd4  0-1

[Event "Budapest FS05 IM"]
[Site "Budapest"]
[Date "1997.??.??"]
[Round "5"]
[White "Baumegger, Siegfried"]
[Black "Czebe, Attila"]
[Result "1-0"]
[WhiteElo "2360"]
[BlackElo "2325"]

1.d4 Nf6 2.c4 g6 3.Nc3 Bg7 4.e4 d6 5.Nf3 O-O 6.Be2 e5 7.d5 a5 8.h3 Na6 9.Bg5 h6
10.Be3 Nc5 11.Nd2 Ne8 12.Qc2 f5 13.g4 c6 14.O-O-O Ne6 15.dxe6 f4 16.e7 Qxe7
17.Bb6 Nf6 18.f3 c5 19.Nd5 Qd7 20.Nc7 Rb8 21.Nb5  1-0

[Event "Budapest"]
[Site "Budapest"]
[Date "1997.??.??"]
[Round "8"]
[White "Kahn, Evarth"]
[Black "Pirisi, Gabor"]
[Result "1/2-1/2"]
[WhiteElo "2370"]
[BlackElo "2365"]

1.d4 Nf6 2.c4 g6 3.Nc3 d6 4.e4 Bg7 5.Nf3 O-O 6.Be2 e5 7.dxe5 dxe5 8.Qxd8 Rxd8
9.Bg5 Re8 10.Nd5 Nxd5 11.cxd5 c6 12.Bc4 cxd5 13.Bxd5 Nc6  1/2-1/2

[Event "Budapest FS06 IM"]
[Site "Budapest"]
[Date "1997.??.??"]
[Round "9"]
[White "Szuk, Balazs"]
[Black "Senff, Martin"]
[Result "1-0"]
[WhiteElo "2340"]
[BlackElo "2250"]

1.d4 Nf6 2.Nf3 g6 3.c4 Bg7 4.Nc3 O-O 5.e4 d6 6.Be2 e5 7.Be3 Na6 8.O-O Ng4
9.Bg5 Qe8 10.h3 h6 11.Bc1 Nf6 12.dxe5 dxe5 13.Be3 Nh5 14.c5 Nf4 15.Bxa6 bxa6
16.Qd2 g5 17.Bxf4 exf4 18.Nd5 Qxe4 19.Rae1 Qc4 20.Nxc7 Rb8 21.Qd6 Qxa2 22.Ne8 Qxb2
23.Nxg7 Kxg7 24.h4 Bg4 25.hxg5 Bxf3 26.gxh6+ Kg8 27.Rb1  1-0

[Event "Budapest FS04 GM"]
[Site "Budapest"]
[Date "1997.??.??"]
[Round "9"]
[White "Lukacs, Peter"]
[Black "Stocek, Jiri"]
[Result "1/2-1/2"]
[WhiteElo "2470"]
[BlackElo "2450"]

1.d4 Nf6 2.c4 g6 3.Nc3 Bg7 4.e4 d6 5.Nf3 O-O 6.Be2 e5 7.O-O c6 8.d5 c5 9.Bg5 h6
10.Bh4 Nbd7 11.Nd2 a6 12.Rb1 Qc7 13.a3 Nh7 14.b4 f5 15.f3 Bf6 16.Bf2 b6 17.bxc5 bxc5
18.Qa4 Bb7 19.Rb2 Rab8 20.Rfb1 Ng5 21.Qc2 Bg7 22.Bd3 Bc8 23.Rxb8 Nxb8 24.Na4 Nd7
25.h4 fxe4 26.Nxe4 Nxe4 27.Bxe4 Nf6 28.Bxg6 e4 29.Nb6 exf3 30.Nxc8 Qxc8 31.Bf5 Qe8
32.gxf3 Kh8 33.Re1 Qh5 34.Qd3 Nxd5 35.Bg4 Nf4 36.Qxd6 Qf7 37.Re7 Qxc4 38.Qxc5 Ne2+
39.Kh1 Qd3 40.Rd7 Qb1+ 41.Kh2 Qb8+ 42.Kh1 Qb1+ 43.Kh2  1/2-1/2

[Event "Budapest FS12 IM-A"]
[Site "Budapest"]
[Date "1997.??.??"]
[Round "9"]
[White "Dudas, Janos"]
[Black "Hera, Imre Jr"]
[Result "1/2-1/2"]
[WhiteElo "2400"]
[BlackElo "2245"]

1.d4 Nf6 2.c4 g6 3.Nc3 Bg7 4.e4 d6 5.Be2 O-O 6.Nf3 e5 7.dxe5 dxe5 8.Qxd8 Rxd8
9.Nd5 Nxd5 10.cxd5 c6 11.Bc4 cxd5 12.Bxd5  1/2-1/2

[Event "Budapest"]
[Site "Budapest"]
[Date "1997.??.??"]
[Round "10"]
[White "Murzin, Lenar"]
[Black "Alvir, Aco"]
[Result "1/2-1/2"]
[WhiteElo "2320"]
[BlackElo "2390"]

1.d4 Nf6 2.c4 g6 3.Nc3 Bg7 4.e4 d6 5.Nf3 O-O 6.Be2 e5 7.dxe5 dxe5 8.Qxd8 Rxd8
9.Bg5 Re8 10.Nd5 Nxd5 11.cxd5 c6 12.Bc4 cxd5 13.Bxd5 Na6 14.Ke2 Nc7  1/2-1/2

[Event "Budapest FS03 IM-B"]
[Site "Budapest"]
[Date "1997.??.??"]
[Round "10"]
[White "Ladanyi, Tibor"]
[Black "Farago, Sandor"]
[Result "1-0"]
[WhiteElo "2280"]
[BlackElo "2250"]

1.d4 Nf6 2.c4 g6 3.Nc3 Bg7 4.e4 d6 5.Be2 O-O 6.Nf3 e5 7.d5 Na6 8.Bg5 h6 9.Bh4 Qe8
10.Nd2 Nh7 11.O-O Bf6 12.Bxf6 Nxf6 13.a3 c5 14.dxc6 bxc6 15.b4 Nc7 16.Nb3 Qe7
17.Qd2 Kg7 18.Rfd1 Rd8 19.Na5 Qe8 20.Rac1 Ne6 21.Nb3 Rb8 22.Qc2 Bb7 23.c5 dxc5
24.Nxc5 Nd4 25.Qa2 Bc8 26.Bc4 Qe7 27.Nb3 h5 28.Re1 h4 29.Rcd1 h3 30.Nxd4 exd4
31.e5 Nh5 32.Ne2 hxg2 33.Qd2 Bg4 34.e6 f6 35.Kxg2 c5 36.f3 Bf5 37.Ng3 cxb4
38.Nxf5+ gxf5 39.Rg1 Rh8 40.Kh1+ Kf8 41.Qxd4 bxa3 42.Qc3 Rb7 43.Qa5 Ng7 44.Rd8+ Ne8
45.Rgd1 Rb2 46.R1d7 Rhxh2+ 47.Kg1 Rhg2+ 48.Kf1 Rgf2+ 49.Ke1 Rh2 50.Rxe7 Rb1+
51.Rd1 Rh1+ 52.Bf1 Rxf1+ 53.Kxf1 Rxd1+ 54.Ke2 Kxe7 55.Kxd1  1-0

[Event "Honved"]
[Site "Budapest"]
[Date "1997.??.??"]
[Round "11"]
[White "Horvath, Jozsef"]
[Black "Videki, Sandor"]
[Result "1/2-1/2"]
[WhiteElo "2535"]
[BlackElo "2375"]

1.d4 Nf6 2.c4 g6 3.Nc3 Bg7 4.e4 d6 5.Nf3 O-O 6.Be2 e5 7.Be3 exd4 8.Nxd4 Re8
9.f3 Nc6 10.O-O Nh5 11.f4 Nf6 12.Bf3 Bg4 13.Nxc6 Bxf3 14.Qxf3 bxc6 15.Bf2 Qc8
16.c5  1/2-1/2

[Event "Budapest FS05 IM"]
[Site "Budapest"]
[Date "1997.??.??"]
[Round "12"]
[White "Koch, Wolfgang Max"]
[Black "Baumegger, Siegfried"]
[Result "0-1"]
[WhiteElo "2355"]
[BlackElo "2360"]

1.d4 Nf6 2.Nf3 g6 3.c4 Bg7 4.Nc3 O-O 5.e4 d6 6.Be2 e5 7.O-O Na6 8.Be3 Ng4
9.Bg5 Qe8 10.dxe5 h6 11.Nd2 Nxf2 12.Kxf2 hxg5 13.exd6 Qe5 14.Kg1 Qxd6 15.Nb3 Qxd1
16.Raxd1 Bxc3 17.bxc3 Be6 18.Rd4 c5 19.Rd6 Rfd8 20.Rfd1 Rxd6 21.Rxd6 b6 22.Na5 Rc8
23.Nc6 Rc7 24.a4 Kg7 25.e5 Bd7 26.Bf3 Bxc6 27.Bxc6 Re7 28.a5 bxa5 29.Ba4 Nc7
30.Rc6 Ne6 31.Ra6 Nf4 32.Rxa5 Ne2+ 33.Kf1 Nxc3 34.Bc6 Rxe5 35.Rxa7 Nd1 36.Bb5 Ne3+
37.Kf2 Nf5 38.Bc6 Ne7 39.Bf3 f5 40.Rc7 Kf6 41.h3 f4 42.Rb7 Nf5 43.Rb6+ Kg7
44.Rb7+ Kh6 45.Rb2 Ne3 46.Be2 g4 47.hxg4 Kg5 48.Rb6 Nxg2 49.Bd3 Nh4 50.Be2 Re4
51.Rc6 f3 52.Bxf3 Nxf3 53.Kxf3 Rxc4 54.Rd6 Rc1 55.Kg3 Rc3+ 56.Kf2 c4 57.Rc6 Rc1
58.Kg3 c3 59.Kg2 Kxg4 60.Rxg6+ Kf5 61.Rc6 Ke4 62.Kf2 Kd3 63.Rd6+ Kc2 64.Ke2 Rh1
65.Rb6 Kc1 66.Kd3 c2 67.Ke2 Rh8 68.Re6 Rb8  0-1

[Event "Najdorf op"]
[Site "Buenos Aires"]
[Date "1997.??.??"]
[Round "5"]
[White "Pereyra Arcija, Diego"]
[Black "Garcia, Raimundo"]
[Result "1/2-1/2"]
[WhiteElo "2450"]
[BlackElo "2380"]

1.d4 Nf6 2.c4 g6 3.Nc3 Bg7 4.e4 d6 5.Nf3 O-O 6.Be2 e5 7.O-O Qe8 8.dxe5 dxe5
9.Nd5 Na6 10.Bg5 Nxe4 11.Be7 c6 12.Bxf8 Qxf8 13.Ne3 Nac5 14.Nd2 a5 15.Nxe4 Nxe4
16.Qc2 Nc5 17.Rad1 f5 18.Qd2 f4 19.Nc2 Bf5  1/2-1/2

[Event "Cairo-A"]
[Site "Cairo"]
[Date "1997.??.??"]
[Round "3"]
[White "Kaabi, Mejdi"]
[Black "Ahmed, Esam Aly"]
[Result "1/2-1/2"]
[WhiteElo "2345"]
[BlackElo "2395"]

1.d4 Nf6 2.c4 g6 3.Nc3 Bg7 4.e4 d6 5.Be2 O-O 6.Nf3 e5 7.O-O exd4 8.Nxd4 Re8
9.f3 c6 10.Nb3 a6 11.Bf4 d5 12.cxd5 cxd5 13.exd5 b5 14.a3 Nh5 15.Bd2 Bb7
16.f4 Nf6 17.Bf3 Nbd7 18.Re1 Nb6 19.Rxe8+ Qxe8 20.d6 Bxf3 21.Qxf3 Rd8 22.Re1 Qf8
23.Na2 Qxd6 24.Ba5 Rb8 25.Rd1 Qe6 26.Nb4 Nc4 27.Nc6 Nxa5 28.Nbxa5 Ng4 29.h3 Qe3+
30.Qxe3 Nxe3 31.Re1 Nc2 32.Rc1 Nd4 33.Nxb8 Ne2+ 34.Kf1 Nxc1  1/2-1/2